Central Library OPAC University of Rajshahi

Conditions of full employment / (Record no. 2888)

MARC details
000 -LEADER
fixed length control field 00754cam a22002651 4500
001 - CONTROL NUMBER
control field 2888
003 - CONTROL NUMBER IDENTIFIER
rucl marc code BD-RjUL
005 - DATE AND TIME OF LATEST TRANSACTION
control field 20211208233634.0
008 - FIXED-LENGTH DATA ELEMENTS--GENERAL INFORMATION
fixed length control field 131217s1952 xx 000 0 eng
035 ## - SYSTEM CONTROL NUMBER
System control number (BD-RjUL)2916
System control number (OCoLC)3135672
040 ## - CATALOGING SOURCE
Original cataloging agency DLC
Transcribing agency OC
Modifying agency Uk
-- DLC
-- BD-RjUL
Language of cataloging eng
041 ## - LANGUAGE CODE
Language code of text/sound track or separate title eng
082 ## - DEWEY DECIMAL CLASSIFICATION NUMBER
Classification number 338.91
Author mark and year GRC 1952
100 1# - MAIN ENTRY--PERSONAL NAME
Personal name Gruber, Karl,
Dates associated with a name 1909-
9 (RLIN) 9246
245 10 - TITLE STATEMENT
Title Conditions of full employment /
Statement of responsibility, etc. Karl Gruber ;Translated into English by Jean Meyer /
260 ## - PUBLICATION, DISTRIBUTION, ETC. (IMPRINT)
Place of publication, distribution, etc. London,
Name of publisher, distributor, etc. W. Hodge,
Date of publication, distribution, etc. 1952.
300 ## - PHYSICAL DESCRIPTION
Pagination 141 p. :
Illustrations illus. ;
Size 22 cm.
504 ## - BIBLIOGRAPHY, ETC. NOTE
Bibliography, etc Includes index.
650 #0 - SUBJECT ADDED ENTRY--TOPICAL TERM
Topical term or geographic name as entry element Business cycles.
9 (RLIN) 9247
Topical term or geographic name as entry element Economic policy.
9 (RLIN) 9248
942 ## - ADDED ENTRY ELEMENTS (KOHA)
Source of classification or shelving scheme Dewey Decimal Classification
Koha item type Books
Holdings
Lost status Source of classification or shelving scheme Damaged status Not for loan Collection code Permanent Location Current Location Shelving location Date acquired Source of acquisition Cost, normal purchase price Total Checkouts Full call number Date last seen Copy number Koha item type
  Dewey Decimal Classification   Not For Loan Non-fiction Central Library, University of Rajshahi Central Library, University of Rajshahi Reading Room 19/10/1962 Zeitlinger 12.60   338.91 GRC 1952 17/12/2013 C-1 Books